Facing the challenge of race and housing (Record no. 67830)

MARC details
000 -LEADER
fixed length control field 00825cam a2200193 4500
001 - CONTROL NUMBER
control field WB3730-17
008 - FIXED-LENGTH DATA ELEMENTS--GENERAL INFORMATION
fixed length control field 010731n2001 000 0 eng u
035 ## - SYSTEM CONTROL NUMBER
System control number (Sirsi) u113855
245 ## - TITLE STATEMENT
Title Facing the challenge of race and housing
260 ## - PUBLICATION, DISTRIBUTION, ETC.
Date of publication, distribution, etc. 2001
490 ## - SERIES STATEMENT
Series statement DTLR News Release
Volume/sequential designation (340) 26 July 2001, (2)
520 ## - SUMMARY, ETC.
Summary, etc. Housing and Regeneration Minister, Lord Falconer, assured black and minority ethnic groups that they would be treated fairly in dealing with housing needs. In welcoming the "Challenge Report - the Race and Housing Inquiry", he emphasised the importance of of consultation and partnership in tackling poverty and deprivation.
590 ## - LOCAL NOTE (RLIN)
Local note WB
650 ## - SUBJECT ADDED ENTRY--TOPICAL TERM
Topical term or geographic name entry element ETHNIC MINORITIES
650 ## - SUBJECT ADDED ENTRY--TOPICAL TERM
Topical term or geographic name entry element REGENERATION
650 ## - SUBJECT ADDED ENTRY--TOPICAL TERM
Topical term or geographic name entry element REGISTERED SOCIAL LANDLORDS
690 ## - LOCAL SUBJECT ADDED ENTRY--TOPICAL TERM (OCLC, RLIN)
Topical term or geographic name as entry element Affordable housing
9 (RLIN) 6215
942 ## - ADDED ENTRY ELEMENTS (KOHA)
Suppress in OPAC 0
Holdings
Withdrawn status Lost status Source of classification or shelving scheme Damaged status Not for loan Home library Current library Shelving location Date acquired Total Checkouts Full call number Barcode Date last seen Copy number Price effective from Koha item type
    Dewey Decimal Classification     London London News article 31/07/2001   WB3730-17 113855-1001 06/08/2019 1 06/08/2019 News article